Ο κόσμος των Mac κόντρα στους Τζιχάντ : η παγκοσμιοποίηση και ο φονταμενταλισμός εχθροί της δημοκρατίας και της ελευθερίας

Αποθηκεύτηκε σε:
Λεπτομέρειες βιβλιογραφικής εγγραφής
Κύριος συγγραφέας: Barber, Benjamin R., 1939-2017
Άλλοι συγγραφείς: Φιλιππάτος, Άγγελος (Μεταφραστής)
Μορφή: Βιβλίο
Γλώσσα:Greek
English
Δημοσίευση: Αθήνα : Καστανιώτης, 1998.
Σειρά:Αναστοχασμός
Θέματα:
Ετικέτες: Προσθήκη ετικέτας
Δεν υπάρχουν, Καταχωρήστε ετικέτα πρώτοι!

MARC

LEADER 00000cam a2200000 i 4500
001 1/10054
008 000829s1998 gr | ||| |||| ||gre||
020 |a 9600323356 
035 |l 10063292 
040 |a GR-MyUA  |b gre  |e AACR2 
041 1 |a gre  |h eng 
082 0 |a 909.829 
100 1 |a Barber, Benjamin R.,   |d 1939-2017. 
245 1 2 |a Ο κόσμος των Mac κόντρα στους Τζιχάντ :   |b η παγκοσμιοποίηση και ο φονταμενταλισμός εχθροί της δημοκρατίας και της ελευθερίας /  |c Μπέντζαμιν Μπάρμπερ ; μετάφραση από τα αγγλικά Άγγελος Φιλιππάτος.  
260 |a Αθήνα :   |b Καστανιώτης,   |c 1998.  
300 |a 511 σ. ;   |c 24 εκ.  
490 1 |a (Αναστοχασμός)  
500 |a Τίτλος πρωτοτύπου: Jihad vs. Mcworld.  
650 0 0 |a Social values. 
650 0 0 |a Social history  |y 20th century. 
650 0 0 |a Democracy. 
650 0 0 |a Capitalism. 
650 0 0 |a Religious fundamentalism. 
650 0 0 |a Nationalism. 
700 1 |a Φιλιππάτος, Άγγελος,  |e trl 
830 0 |a Αναστοχασμός 
852 |a INST  |b CHIOS  |e 20060410  |h 909.829 BAR  |p 005200026414  |q 005200026414  |t BK  |y 0 
852 |a INST  |b LESVOS  |e 20000829  |h 909.829 BAR  |p 005100025417  |q 005100025417  |t BK  |y 0 
852 |a INST  |b RHODES  |e 20090604  |h 909.829 BAR  |p 005400032227  |q 005400032227  |t BK  |y 0 
901 |a BIBL1-2000-2 
901 |a BIBL2-2006-1 
901 |a BIBL4-2009-2 
909 |a Λ  |b 080867 
909 |a Χ  |b 108765 
909 |a Ρ  |b 157247 
922 |a 1ΕΛΗ  |b 200008  |c ΚΠΣ/ΤΚ  |d ΠΑΠΑΣΩΤΗΡΙΟΥ 
950 |a 103-2000-07-25 
970 |a ΜΟΥΣΤΑΚΑ  |b ΠΗΝΕΛΟΠΗ  |z 2000/08/30